000 00649nam a2200229Ia 4500
003 OSt
005 20221007063403.0
006 a|||||r|||| 00| 0
007 ta
008 221006b |||||||| |||| 00| 0 eng d
024 _a27,853
037 _cReports / Technical Reports
040 _aFLL
_cFLL
_beng
041 _2eng
_aeng
082 _aZ73:2:8, G9.3
100 _aScott Austin Wakeman
_9684149
245 0 _aLaw of trusts
260 _aBoston
_bLittle, Brown And Company
_c1939
300 _axvi,2604p
_ccm.
942 _hZ73:2:8, G9.3
_cREP
_2CC
999 _c1131117
_d1131117